Normal view
MARC view
Entry Personal Name
001 - CONTROL NUMBER
- control field: 50407
003 - CONTROL NUMBER IDENTIFIER
- control field: ARRUPE
005 - DATE AND TIME OF LATEST TRANSACTION
- control field: 20211013113218.0
008 - FIXED-LENGTH DATA ELEMENTS
- fixed length control field: 211013|| aca||aabn | a|a d
040 ## - CATALOGING SOURCE
- Original cataloging agency: ARRUPE
- Transcribing agency: ARRUPE
100 ## - HEADING--PERSONAL NAME
- Personal name: Shioda, Gōzō,
- Dates associated with a name: 1915-1994
670 ## - SOURCE DATA FOUND
- Source citation: Work cat.: (ARRUPE)0: Shioda, Gōzō, 1915-1994., Dynamic aikido;, 1968.